00498 2200193 4500001002100000005001500021008004100036020001800077035002500095041000800120082000800128090000800136100001800144245005400162250001600216260003100232300003100263650001000294INLIS00000000000569920130515154355 ind  a979-97784-5-x a0010-051300000005699 aind aFik aFik aMoammar, Emka aJakarta Undercover Komik / editor, Nursalim, Syah aCetakan : 1 aJakartabGagas Mediac2003 a176 hlm. : ilus. ;20,5 cm. aFiksi